| 000 | 00558nam a2200169 4500 | ||
|---|---|---|---|
| 001 | 136969 | ||
| 003 | ES-MaACL | ||
| 005 | 20250929063203.0 | ||
| 007 | t| | ||
| 008 | 070214s1923 fr r ||||1| fre d | ||
| 100 | 1 |
_aSaintyves, Pierre, _d1870-1935 _9101565 |
|
| 245 | 1 | 0 |
_aEssais de folklore biblique _b: magie, mythes et miracles dans l'Ancien et le Nouveau Testament / _cpar P. Saintyves [seud.]. |
| 260 |
_aParis : _b[Jouve et Ce.], _c1923. |
||
| 300 |
_aXVI + 483 p. ; _c25 x 17 cm. |
||
| 852 |
_aES-MaACL _jB-4947 |
||
| 999 |
_c136969 _d136969 |
||